000 00478nam a22001697a 4500
003 OSt
005 20220922220108.0
008 220922b |||||||| |||| 00| 0 eng d
040 _cBiblioteca Lado V
082 _a708
_bR741h
100 _aRoig, Berardi
_eautor
245 _aHeadless/
260 _aMadrid
_bGalería Gráfica La Caja Negra
_c2000
300 _a41p.
_c17x24cm
700 _aPanero, Leopoldo M.
_ecoautor
942 _2ddc
_c1
_h708
_iR741h
_n0
999 _c2124
_d2124